000 00645nam a22002177a 4500
008 240620b mp ||||| |||| 00| 0 mon d
020 _a978-99929-47-15-9
035 _a16044
040 _aUM0146080
_bmon
_cMN-UlNLM
_dMN-UlNLM
_erda
041 _amon
042 _a74286
084 _2NNA
_a84/4Ита/
_bК61
100 _aКоллоди К.
245 0 _aПиноккио модон хүүгийн үлгэр
264 _aУлаанбаатар
_bХөх дэвтэр ХГ
_c2012
300 _a257х.
336 _2rdacontent
_atext
_btxt
337 _2rdamedia
_aunmediated
_bn
338 _2rdacarrier
_avolume
_bnc
942 _2NNA
_cBK
999 _c1019547
_d1019604